LEADER 01293nam--2200373---450- 001 990002840360203316 005 20091027132612.0 010 $a92-9137-271-4 035 $a000284036 035 $aUSA01000284036 035 $a(ALEPH)000284036USA01 035 $a000284036 100 $a20061128d2004----km-y0itay50------ba 101 $aeng 102 $aCH 105 $a||||||||001yy 200 1 $aBusiness guide to trade remedies in the European Community$eanti-dumping, anti-subsidy and safeguards legislation, practices and procedures$fInternational Trade Centre 210 $aGeneva$cITC$d2004 215 $aIX, 209 p.$d30 cm 300 $aIn testa al front.: Business and the multilateral trading system 410 0$12001 606 0 $aWorld Trade Organization 676 $a382.92 712 01$aInternational Trade Centre 801 0$aIT$bsalbc$gISBD 912 $a990002840360203316 951 $aXXIII.4.K. 550 (IG VIII 12 ING 1250)$b49375 G.$cXXIII.4.K. 550 (IG VIII 12 ING)$d00209057 959 $aBK 969 $aGIU 979 $aIANNONE$b90$c20061128$lUSA01$h1600 979 $aGIUSY$b90$c20080418$lUSA01$h1233 979 $aRSIAV4$b90$c20091027$lUSA01$h1326 996 $aBusiness guide to trade remedies in the European Community$9993491 997 $aUNISA LEADER 03554nam 22004933u 450 001 9910792284703321 005 20230721015303.0 035 $a(CKB)2560000000152699 035 $a(EBL)350862 035 $a(OCoLC)56727309 035 $a(MiAaPQ)EBC350862 035 $a(EXLCZ)992560000000152699 100 $a20140414d2008|||| u|| | 101 0 $aeng 135 $aur|n|---||||| 200 12$aA Companion to Britain in the Later Middle Ages$b[electronic resource] 210 $aHoboken $cWiley$d2008 215 $a1 online resource (686 p.) 225 1 $aBlackwell companions to British history 300 $aDescription based upon print version of record. 311 $a1-4051-8973-8 327 $aA COMPANION TO BRITAIN IN THE LATER MIDDLE AGES; Contents; List of Figures; List of Plates; List of Maps; List of Contributors; Introduction; Part I Economy and Society in Town and Country; 1 England: Land and People; 2 England: The Family and the Village Community; 3 England: Towns, Trade and Industry; 4 England: Popular Politics and Social Conflict; 5 England: Women and Gender; 6 Scotland: Economy and Society; 7 Wales: Economy and Society; 8 Ireland: Economy and Society; Part II Politics, Government and Law; 9 The British Perspective 327 $a10 England: Kingship and the Political Community, c.1100-127211 England: Kingship and the Political Community, 1272-1377; 12 England: Kingship and the Political Community, 1377- c.1500; 13 England: Law, Society and the State; 14 England: The Nobility and the Gentry; 15 Scotland: Politics, Government and Law; 16 Wales: Politics, Government and Law; 17 Ireland: Politics, Government and Law; Part III The Church and Piety; 18 England: Church and Clergy; 19 England: Piety, Heresy and Anti-clericalism; 20 Scotland: Religion and Piety; 21 Wales: Religion and Piety; 22 Ireland: Religion and Piety 327 $aPart IV Education and Culture23 England: Education and Society; 24 England: Art and Society; 25 England: Literature and Society; 26 Scotland: Culture and Society; 27 Wales: Culture and Society; 28 Ireland: Culture and Society; Bibliography of Secondary Sources; Index 330 $aThis authoritative survey of Britain in the later Middle Ages comprises 28 chapters written by leading figures in the field.Covers social, economic, political, religious, and cultural history in England, Ireland, Scotland, and WalesProvides a guide to the historical debates over the later Middle AgesAddresses questions at the leading edge of historical scholarshipEach chapter includes suggestions for further reading 410 0$aBlackwell companions to British history 606 $aGreat Britain - Civilization - 1066-1485 606 $aGreat Britain -- Civilization -- 1066-1485 -- Handbooks, manuals, etc 606 $aGreat Britain - History - Medieval period, 1066-1485 606 $aGreat Britain -- History -- Medieval period, 1066-1485 -- Handbooks, manuals, etc 615 4$aGreat Britain - Civilization - 1066-1485. 615 4$aGreat Britain -- Civilization -- 1066-1485 -- Handbooks, manuals, etc. 615 4$aGreat Britain - History - Medieval period, 1066-1485. 615 4$aGreat Britain -- History -- Medieval period, 1066-1485 -- Handbooks, manuals, etc. 676 $a941.03 676 $a942.03 700 $aRigby$b S. H$01575100 801 0$bAU-PeEL 801 1$bAU-PeEL 801 2$bAU-PeEL 906 $aBOOK 912 $a9910792284703321 996 $aA Companion to Britain in the Later Middle Ages$93851795 997 $aUNINA LEADER 05762nam 2200661Ia 450 001 9910437911603321 005 20251116211342.0 010 $a9783642363290 010 $a3642363296 024 7 $a10.1007/978-3-642-36329-0 035 $a(OCoLC)827536034 035 $a(MiFhGG)GVRL6WFA 035 $a(CKB)2670000000533494 035 $a(MiAaPQ)EBC1156725 035 $a(MiFhGG)9783642363290 035 $a(EXLCZ)992670000000533494 100 $a20130213d2013 uy 0 101 0 $aeng 135 $aurun|---uuuua 181 $ctxt 182 $cc 183 $acr 200 00$aAnalog/RF and mixed-signal circuit systematic design /$fMourad Fakhfakh, Esteban Tlelo-Cuautle, and Rafael Castro-Lopez (eds.) 205 $a1st ed. 2013. 210 $aBerlin ;$aNew York $cSpringer$dc2013 215 $a1 online resource (xii, 379 pages) $cillustrations (some color) 225 1 $aLecture notes in electrical engineering,$x1876-1100 ;$v233 300 $aIncludes author index. 311 08$a9783642363283 311 08$a3642363288 311 08$a9783642436284 311 08$a3642436285 320 $aIncludes bibliographical references and index. 327 $a""Title ""; ""Foreword""; ""Preface""; ""Contents""; ""Part I Methodologies""; ""Towards Automatic Structural Analysis of Mixed-Signal Circuits""; ""Introduction""; ""Preprocessing""; ""Building Block Recognition""; ""Analog, Mixed-Signal and Digital Building Block Library""; ""Recognition Conflicts and Their Resolution""; ""Recognition Algorithm""; ""Structural Signal Flow Analysis""; ""Generation""; ""Assignment of Passa???Gate Directions""; ""Analog / Digital Partitioning""; ""Transformation to Temporal ESFG""; ""Logic Function Extraction"" 327 $a""Computation of Logic Function for Building Blocks""""Computation of Overall Logic Function""; ""Application Examples""; ""Description Generation for Digital Standard Cell Libraries""; ""Structural Analysis of Mixed-Signal Circuits""; ""Conclusion""; ""References""; ""Efficient Synthesis Methods for High-Frequency Integrated Passive Components and Amplifiers""; ""Introduction""; ""Review of Related Works and Challenges""; ""RF Integrated Circuit Synthesis ""; ""Basic Computational Intelligence Techniques""; ""Differential Evolution""; ""Gaussian Process Machine Learning"" 327 $a""Naive Bayes Classifier""""MMLDE: Efficient Synthesis of Integrated Passive Components at High Frequencies""; ""Key Ideas of MMLDE""; ""Expected Improvement Prescreening""; ""The General Framework of MMLDE""; ""Experimental Results of MMLDE""; ""EMLDE: Efficient Synthesis of mm-Wave Linear Amplifiers""; ""Overview of EMLDE""; ""Key Algorithms in the EMLDE Method""; ""The Embedded SBDE Algorithm""; ""The EMLDE Method""; ""Experimental Verification of the EMLDE Method""; ""Example and Settings""; ""Example: Three-Stage Linear Amplifier Synthesis""; ""Conclusion""; ""References"" 327 $a""Self-Healing Circuits Using Statistical Element Selection""""Introduction""; ""Process Variations""; ""Systematic Variations""; ""Random Variations""; ""Mismatch Correction Methods""; ""Statistical Element Selection""; ""Basis""; ""Methodology ""; ""Comparator Array in 65nm Bulk CMOS Technology""; ""Design Architecture""; ""Testing Setup""; ""Measurement Results ""; ""An 8-bit 1.5-GHz Flash ADC in 65nm CMOS Process""; ""Flash ADC Architecture""; ""Comparator Design""; ""Measurement Results ""; ""Conclusion""; ""References"" 327 $a""Improving Design Feature Reuse in Analog Circuit Design through Topological-Symbolic Comparison and Design Concept Combination""""Introduction""; ""Related Work""; ""Circuit Synthesis Based on Concept Comparison and Combination""; ""Systematic Comparison of Analog Circuits""; ""Topological Matching""; ""Symbolic Matching""; ""Constraint Generation""; ""Performance Characterization ""; ""Experiments""; ""Conclusion""; ""References ""; ""Graph-Based Symbolic and Symbolic Sensitivity Analysis of Analog Integrated Circuits""; ""Introduction""; ""Nullor Circuit Equivalents"" 327 $a""Graph-Based Determinant Representation"" 330 $aDespite the fact that in the digital domain, designers can take full benefits of IPs and design automation tools to synthesize and design very complex systems, the analog designers? task is still considered as a ?handcraft?, cumbersome and very time consuming process. Thus, tremendous efforts are being deployed  to develop new design methodologies in the analog/RF and mixed-signal domains. This book collects 16 state-of-the-art contributions devoted to the topic of systematic design of analog, RF and mixed signal circuits. Divided in the two parts Methodologies and Techniques recent theories, synthesis techniques and design methodologies, as well as new sizing approaches in the field of robust analog and mixed signal design automation are presented for researchers and R/D engineers.  . 410 0$aLecture notes in electrical engineering ;$vv. 233. 606 $aLinear integrated circuits$xDesign and construction 606 $aRadio frequency integrated circuits$xDesign and construction 606 $aSystems on a chip$xDesign and construction 615 0$aLinear integrated circuits$xDesign and construction. 615 0$aRadio frequency integrated circuits$xDesign and construction. 615 0$aSystems on a chip$xDesign and construction. 676 $a621.3815 701 $aFakhfakh$b Mourad$01701404 701 $aTlelo-Cuautle$b Esteban$0788101 701 $aCastro-Lo?pez$b R$01752101 801 0$bMiAaPQ 801 1$bMiAaPQ 801 2$bMiAaPQ 906 $aBOOK 912 $a9910437911603321 996 $aAnalog$94187314 997 $aUNINA